[Event "TCh-HUN 2017-18"]
[Site "Hungary HUN"]
[Date "2017.11.26"]
[Round "2.12"]
[White "Karacsonyi, Gellert"]
[Black "Kokeny, Norbert Adrian"]
[Result "1/2-1/2"]
[WhiteElo "2209"]
[BlackElo "2200"]
[WhiteTeam "Penzugyor SE"]
[BlackTeam "Dunaharaszti MTK"]
[WhiteFideId "764620"]
[BlackFideId "759740"]
[EventDate "2017.11.25"]
[EventType "team-tourn"]

1. e4 c5 2. Nf3 e6 3. d4 cxd4 4. Nxd4 a6 5. Nc3 b5 6. Bd3 Qb6 7. Nf3 Qc7 8. O-O
d6 9. Re1 Nc6 10. Bd2 Nf6 11. a4 b4 12. Na2 Rb8 13. Qe2 a5 14. Bb5 Bd7 15. c3 d5
16. exd5 Nxd5 17. cxb4 Ncxb4 18. Nxb4 Bxb4 19. Bxb4 axb4 20. Qe5 Qxe5 21. Bxd7+
Kxd7 22. Nxe5+ Ke8 23. a5 Ra8 24. Re4 f6 25. Nd3 Kf7 26. Nxb4 Rhb8 27. Nxd5 exd5
28. Rd4 Rxb2 29. Rxd5 Ke6 30. Rc5 Kd6 31. Rf5 Ke6 32. g4 Ra6 33. h3 g6 34. Rf3
Rb5 35. Rfa3 h5 36. Kg2 hxg4 37. hxg4 f5 38. gxf5+ Kxf5 39. Kg3 Rc5 40. Kf3 Re5
41. Ra4 Kg5 42. Rg1+ Kf6 1/2-1/2

[Event "TCh-HUN 2017-18"]
[Site "Hungary HUN"]
[Date "2017.11.26"]
[Round "2.1"]
[White "Ruck, Robert"]
[Black "Vidit, Santosh Gujrathi"]
[Result "1/2-1/2"]
[WhiteTitle "GM"]
[BlackTitle "GM"]
[WhiteElo "2531"]
[BlackElo "2721"]
[WhiteTeam "HVSE-Infraplan"]
[BlackTeam "DVTK"]
[WhiteFideId "705713"]
[BlackFideId "5029465"]
[EventDate "2017.11.25"]
[EventType "team-tourn"]

1. Nf3 c5 2. c4 Nf6 3. Nc3 d5 4. cxd5 Nxd5 5. d4 Nxc3 6. bxc3 g6 7. e3 Bg7 8.
Bd3 O-O 9. O-O Nd7 10. Rb1 Qc7 11. e4 e5 12. d5 c4 13. Be2 a6 14. Nd2 b5 15. a4
Rb8 16. Ba3 Rd8 17. Rb2 Bf8 18. Bxf8 Nxf8 19. Qa1 Bd7 1/2-1/2

[Event "TCh-HUN 2017-18"]
[Site "Hungary HUN"]
[Date "2017.11.26"]
[Round "2.2"]
[White "Kuzubov, Yuriy"]
[Black "Nemeth, Miklos1"]
[Result "1-0"]
[WhiteTitle "GM"]
[BlackTitle "IM"]
[WhiteElo "2690"]
[BlackElo "2494"]
[WhiteTeam "DVTK"]
[BlackTeam "HVSE-Infraplan"]
[WhiteFideId "14112906"]
[BlackFideId "720232"]
[EventDate "2017.11.25"]
[EventType "team-tourn"]

1. d4 Nf6 2. c4 e6 3. Nf3 b6 4. g3 Bb7 5. Bg2 Be7 6. O-O O-O 7. Nc3 Bb4 8. Qb3
a5 9. Rd1 Bxc3 10. Qxc3 d6 11. d5 e5 12. Nh4 Bc8 13. b3 Na6 14. a3 Nc5 15. Qc2
Bd7 16. Rb1 h6 17. Re1 a4 18. b4 Nb3 19. Bb2 Re8 20. Rbd1 Rc8 21. Nf5 b5 22. c5
dxc5 23. bxc5 Bxf5 24. Qxf5 Qd7 25. Qc2 Qe7 26. c6 b4 27. Qc4 bxa3 28. d6 cxd6
29. Bxa3 Nc5 30. Bxc5 dxc5 31. Qxa4 e4 32. Bh3 Rc7 33. Qb5 g5 34. Rc1 g4 35. Bg2
Qd6 36. Rxc5 Re6 37. Rec1 e3 38. f3 Kg7 39. Qc4 h5 40. fxg4 hxg4 41. Rg5+ Kh6
42. Rf5 Kg7 43. Rcf1 Kf8 44. Qc3 Ke7 45. Bd5 Nxd5 46. Rxf7+ Kd8 47. Rf8+ Re8 48.
Rxe8+ Kxe8 49. Qh8+ Ke7 50. Qf8+ Ke6 51. Qf5+ Ke7 52. Qf7+ Kd8 53. Qg8+ 1-0

[Event "TCh-HUN 2017-18"]
[Site "Hungary HUN"]
[Date "2017.11.26"]
[Round "2.3"]
[White "Kovacs, Gabor2"]
[Black "Kravtsiv, Martyn"]
[Result "1/2-1/2"]
[WhiteTitle "IM"]
[BlackTitle "GM"]
[WhiteElo "2463"]
[BlackElo "2677"]
[WhiteTeam "HVSE-Infraplan"]
[BlackTeam "DVTK"]
[WhiteFideId "716219"]
[BlackFideId "14113147"]
[EventDate "2017.11.25"]
[EventType "team-tourn"]

1. d4 Nf6 2. c4 e6 3. Nc3 d5 4. Nf3 Nbd7 5. Bf4 dxc4 6. e3 b5 7. Nxb5 Bb4+ 8.
Nc3 Nd5 9. a3 Nxc3 10. Qd2 Nd5 11. axb4 Nxf4 12. exf4 Bb7 13. Be2 O-O 14. O-O
Nb6 15. Ne5 Qd6 16. Rfd1 Rfb8 17. Ra5 f6 18. Ng4 Nd5 19. f5 exf5 20. Ne3 f4 21.
Nxd5 Bxd5 22. Rc5 Re8 23. Rc1 Kf8 24. Bxc4 Bxc4 25. R5xc4 Rad8 26. Rxc7 Qxd4 27.
Qxd4 Rxd4 1/2-1/2

[Event "TCh-HUN 2017-18"]
[Site "Hungary HUN"]
[Date "2017.11.26"]
[Round "2.4"]
[White "Hera, Imre Jr."]
[Black "Petenyi, Tamas"]
[Result "1/2-1/2"]
[WhiteTitle "GM"]
[BlackTitle "IM"]
[WhiteElo "2616"]
[BlackElo "2454"]
[WhiteTeam "DVTK"]
[BlackTeam "HVSE-Infraplan"]
[WhiteFideId "716855"]
[BlackFideId "14909090"]
[EventDate "2017.11.25"]
[EventType "team-tourn"]

1. c4 g6 2. Nc3 Bg7 3. g3 Nf6 4. Bg2 O-O 5. d3 d6 6. e3 c5 7. Nge2 Nc6 8. O-O
Bd7 9. b3 a6 10. Bb2 Rb8 11. Qd2 b5 12. Rad1 Re8 13. Nd5 e6 14. Nxf6+ Bxf6 15.
Nc3 Qe7 16. Ne4 Bg7 17. Bxg7 Kxg7 18. d4 cxd4 19. exd4 bxc4 20. bxc4 f5 21. Ng5
Nd8 22. Rfe1 h6 23. Nf3 Nf7 24. c5 Bc6 25. d5 Bxd5 26. Nd4 dxc5 27. Bxd5 cxd4
28. Rxe6 Qc5 29. Rxe8 Rxe8 30. Bxf7 Kxf7 31. Qxh6 Re2 32. Qh7+ Kf6 33. Qh8+ Kf7
34. Rxd4 Qc1+ 35. Kg2 Qc6+ 36. Kh3 Rxf2 37. Qh7+ Kf6 38. Qh8+ Kf7 39. Qh7+ Kf6 1/2-1/2

[Event "TCh-HUN 2017-18"]
[Site "Hungary HUN"]
[Date "2017.11.26"]
[Round "2.5"]
[White "Meszaros, Michal"]
[Black "Sethuraman, S.P."]
[Result "0-1"]
[WhiteTitle "IM"]
[BlackTitle "GM"]
[WhiteElo "2359"]
[BlackElo "2638"]
[WhiteTeam "HVSE-Infraplan"]
[BlackTeam "DVTK"]
[WhiteFideId "14905329"]
[BlackFideId "5021596"]
[EventDate "2017.11.25"]
[EventType "team-tourn"]

1. e4 c5 2. Nf3 e6 3. d4 cxd4 4. Nxd4 Nc6 5. Nxc6 bxc6 6. Bd3 d5 7. O-O Nf6 8.
Nd2 Qc7 9. Qe2 Bd6 10. h3 O-O 11. b3 e5 12. Bb2 Re8 13. Rac1 Bb7 14. c4 Qe7 15.
g3 Bb4 16. cxd5 cxd5 17. exd5 Bxd2 18. Qxd2 Qd7 19. Be2 Qxh3 20. Bf3 Rad8 21.
Bg2 Qh5 22. Rc5 Ng4 23. Rfc1 e4 24. Qd4 f6 25. Rc7 e3 26. f3 Qh2+ 27. Kf1 e2+
28. Ke1 Qxg3+ 0-1

[Event "TCh-HUN 2017-18"]
[Site "Hungary HUN"]
[Date "2017.11.26"]
[Round "2.6"]
[White "Szabo, Gergely-Andras-Gyula"]
[Black "Rigo, Zsolt"]
[Result "1/2-1/2"]
[WhiteTitle "GM"]
[BlackTitle "IM"]
[WhiteElo "2548"]
[BlackElo "2394"]
[WhiteTeam "DVTK"]
[BlackTeam "HVSE-Infraplan"]
[WhiteFideId "1205064"]
[BlackFideId "14903172"]
[EventDate "2017.11.25"]
[EventType "team-tourn"]

1. e4 c5 2. Nf3 e6 3. d4 cxd4 4. Nxd4 a6 5. c4 Nf6 6. Nc3 Bb4 7. Qd3 d5 8. exd5
exd5 9. Be2 O-O 10. O-O Nc6 11. Nxc6 bxc6 12. cxd5 Nxd5 13. Nxd5 Qxd5 14. Qg3
Bd6 15. Bf4 Bxf4 16. Qxf4 Be6 17. Rfc1 Rfc8 18. b4 a5 19. b5 cxb5 20. Bf3 Qd8
21. Bxa8 Rxa8 22. a3 h6 23. h3 Qb6 24. Rc7 Rd8 25. Rb1 Rd4 26. Qe5 Rd5 27. Qc3
b4 28. axb4 axb4 29. Rxb4 Rd1+ 30. Kh2 Qxf2 31. Rb8+ Kh7 32. Qc2+ Qxc2 33. Rxc2
Rd3 34. Kg1 Rd4 35. Kf2 Rd3 36. Rb4 Rd5 37. Ke3 Re5+ 38. Kf2 Rf5+ 39. Ke3 Re5+
40. Kf2 Rf5+ 1/2-1/2

[Event "TCh-HUN 2017-18"]
[Site "Hungary HUN"]
[Date "2017.11.26"]
[Round "2.7"]
[White "Kiss, Attila"]
[Black "Antal, Gergely"]
[Result "1/2-1/2"]
[WhiteTitle "IM"]
[BlackTitle "GM"]
[WhiteElo "2359"]
[BlackElo "2525"]
[WhiteTeam "HVSE-Infraplan"]
[BlackTeam "DVTK"]
[WhiteFideId "700630"]
[BlackFideId "717312"]
[EventDate "2017.11.25"]
[EventType "team-tourn"]

1. e4 c6 2. d4 d5 3. Nc3 dxe4 4. Nxe4 Bf5 5. Ng3 Bg6 6. h4 h6 7. Nf3 e6 8. Ne5
Bh7 9. Bd3 Bxd3 10. Qxd3 Nd7 11. f4 Be7 12. Bd2 Nxe5 13. fxe5 Bxh4 14. O-O-O
Bxg3 15. Qxg3 Ne7 16. Qxg7 Rg8 17. Qh7 Qd5 18. Rhf1 O-O-O 19. Rxf7 Qxa2 20. c3
Qa1+ 21. Kc2 Qa4+ 22. Kc1 Qa1+ 23. Kc2 Qa4+ 24. Kc1 Qa1+ 1/2-1/2

[Event "TCh-HUN 2017-18"]
[Site "Hungary HUN"]
[Date "2017.11.26"]
[Round "2.8"]
[White "Korpa, Bence"]
[Black "Pergel, Laszlo"]
[Result "1-0"]
[WhiteTitle "GM"]
[BlackTitle "FM"]
[WhiteElo "2483"]
[BlackElo "2271"]
[WhiteTeam "DVTK"]
[BlackTeam "HVSE-Infraplan"]
[WhiteFideId "706671"]
[BlackFideId "707953"]
[EventDate "2017.11.25"]
[EventType "team-tourn"]

1. Nf3 c5 2. g3 b6 3. Bg2 Bb7 4. O-O Nf6 5. d3 e6 6. e4 d6 7. Nc3 Nbd7 8. Ng5 h6
9. Nh3 Qc7 10. f4 a6 11. a4 Be7 12. Qe2 e5 13. fxe5 dxe5 14. Nf2 Nf8 15. Nd5 Qd6
16. Nxf6+ Bxf6 17. Ng4 Bg5 18. Qf3 f6 19. Ne3 Bxe3+ 20. Bxe3 Ne6 21. Qh5+ Ke7
22. Rf2 Bc6 23. Bh3 Ng5 24. Bg2 Ne6 25. a5 b5 26. Raf1 Be8 27. Qd1 Bd7 28. Qa1
Rac8 29. Qa3 Ng5 30. b4 cxb4 31. Qb2 Bh3 32. Bd2 Kf7 33. Bxb4 Qe6 34. Rf5 Rhe8
35. Bxh3 Nxh3+ 36. Kg2 Ng5 37. h4 Nh7 38. c3 Rcd8 39. Qe2 Qd7 40. Qh5+ Kg8 41.
R5f3 Qf7 42. Qxf7+ Kxf7 43. Kf2 Nf8 44. Ke3 Ne6 45. Rf5 Nc7 46. Bc5 Re6 47. g4
Ne8 48. g5 hxg5 49. hxg5 Nd6 50. R5f3 Nb7 51. Bb4 Rh8 52. d4 exd4+ 53. cxd4 Rc6
54. e5 Rc4 55. gxf6 Rxb4 56. fxg7+ Kxg7 57. Rg3+ 1-0

[Event "TCh-HUN 2017-18"]
[Site "Hungary HUN"]
[Date "2017.11.26"]
[Round "2.9"]
[White "Ugroczky, Peter"]
[Black "Kozak, Adam"]
[Result "1/2-1/2"]
[WhiteTitle "FM"]
[BlackTitle "IM"]
[WhiteElo "2253"]
[BlackElo "2422"]
[WhiteTeam "HVSE-Infraplan"]
[BlackTeam "DVTK"]
[WhiteFideId "758663"]
[BlackFideId "753246"]
[EventDate "2017.11.25"]
[EventType "team-tourn"]

1. e4 e5 2. Nf3 Nc6 3. Bb5 a6 4. Ba4 Nf6 5. d4 exd4 6. O-O Be7 7. Re1 b5 8. Bb3
d6 9. Bd5 Nxd5 10. exd5 Ne5 11. Nxd4 O-O 12. a4 Bg4 13. Qd2 Bd7 14. Nc3 b4 15.
Ne4 a5 16. b3 Re8 17. Bb2 Bf8 18. f4 Ng4 19. Nf3 c5 20. h3 Nh6 21. Neg5 Qb6 22.
Kh2 Qa6 1/2-1/2

[Event "TCh-HUN 2017-18"]
[Site "Hungary HUN"]
[Date "2017.11.26"]
[Round "2.10"]
[White "Torma, Robert"]
[Black "Lakos, Nikoletta"]
[Result "1/2-1/2"]
[WhiteTitle "IM"]
[BlackTitle "WGM"]
[WhiteElo "2484"]
[BlackElo "2277"]
[WhiteTeam "DVTK"]
[BlackTeam "HVSE-Infraplan"]
[WhiteFideId "719030"]
[BlackFideId "705128"]
[EventDate "2017.11.25"]
[EventType "team-tourn"]

1. d4 d6 2. e4 Nf6 3. Nc3 c6 4. f4 Bg4 5. Nf3 d5 6. e5 Ne4 7. h3 Bf5 8. Nxe4
Bxe4 9. Ng5 Bg6 10. Bd3 e6 11. O-O Be7 12. Nf3 c5 13. dxc5 Bxc5+ 14. Kh2 Nc6 15.
a3 a6 16. Bxg6 hxg6 17. Qe1 Rc8 18. Be3 Qb6 19. Bxc5 Qxc5 20. c3 Qc4 21. Qg3 Rh5
22. Rad1 Qb5 23. Qf2 Qa4 24. Ng5 Rc7 25. Qb6 Qa5 26. Qe3 Qb5 27. Rf2 Ne7 28.
Rfd2 Rc4 29. Nf3 Qc5 30. Qxc5 Rxc5 31. g4 Rh8 32. Nd4 Nc6 33. Kg3 Nxd4 34. Rxd4
b5 35. a4 Ke7 36. Ra1 Rb8 37. Rb4 Rc4 38. axb5 Rxb4 39. cxb4 Rxb5 40. Rxa6 Rxb4
41. Ra7+ Ke8 42. Ra8+ Ke7 43. Ra7+ Ke8 44. Ra8+ 1/2-1/2

[Event "TCh-HUN 2017-18"]
[Site "Hungary HUN"]
[Date "2017.11.26"]
[Round "2.11"]
[White "Nagy, Bence"]
[Black "Bagi, Mate"]
[Result "1-0"]
[WhiteTitle "FM"]
[BlackTitle "IM"]
[WhiteElo "2357"]
[BlackElo "2445"]
[WhiteTeam "HVSE-Infraplan"]
[BlackTeam "DVTK"]
[WhiteFideId "718920"]
[BlackFideId "742570"]
[EventDate "2017.11.25"]
[EventType "team-tourn"]

1. e4 e5 2. Nf3 Nc6 3. Bb5 a6 4. Ba4 Nf6 5. O-O Be7 6. Re1 b5 7. Bb3 d6 8. c3
O-O 9. h3 Nb8 10. d4 Nbd7 11. Nbd2 Bb7 12. Bc2 c5 13. Nf1 Qc7 14. d5 c4 15. g4
Rfb8 16. Ng3 Nc5 17. g5 Ne8 18. Nh2 Bc8 19. Nf5 Bf8 20. Ng4 a5 21. Re3 b4 22.
Rg3 Kh8 23. h4 b3 24. axb3 Nxb3 25. Rb1 Nxc1 26. Qxc1 a4 27. Kh2 Ra7 28. h5 Qd8
29. f4 g6 30. fxe5 gxf5 31. exf5 dxe5 32. Qe3 Qc7 33. f6 Nd6 34. g6 Bxg4 35. g7+
Bxg7 36. Qg5 Ne8 37. Qxg4 e4 38. Bxe4 Qe5 39. Rf1 Rxb2+ 40. Kh3 h6 41. Rf5 Qxg3+
42. Qxg3 Nxf6 43. Rxf6 Bxf6 44. Qe3 Re7 45. Qxh6+ Kg8 46. Bh7+ Kh8 47. Qxf6+
Kxh7 48. Qxe7 1-0

[Event "TCh-HUN 2017-18"]
[Site "Hungary HUN"]
[Date "2017.11.26"]
[Round "2.12"]
[White "Medvegy, Nora"]
[Black "Magyar, Andras1"]
[Result "1-0"]
[WhiteTitle "IM"]
[WhiteElo "2357"]
[BlackElo "2264"]
[WhiteTeam "DVTK"]
[BlackTeam "HVSE-Infraplan"]
[WhiteFideId "705136"]
[BlackFideId "723118"]
[EventDate "2017.11.25"]
[EventType "team-tourn"]

1. e4 c5 2. Nf3 Nc6 3. d4 cxd4 4. Nxd4 Nf6 5. Nc3 d6 6. Bg5 e6 7. Qd2 a6 8.
O-O-O Nxd4 9. Qxd4 Be7 10. f4 b5 11. Bxf6 gxf6 12. f5 Qc7 13. Be2 h5 14. Rhf1
Qc5 15. Qxc5 dxc5 16. e5 exf5 17. Nd5 Bd8 18. Nxf6+ Bxf6 19. exf6 Be6 20. Bf3
Rb8 21. Rd6 Rh6 22. Rxa6 Rxf6 23. h3 h4 24. Re1 Kf8 25. Re5 c4 26. a3 Rg6 27. c3
Kg7 28. Ra7 Kf6 29. Rc5 Kg5 30. Ra5 Bd7 31. a4 bxa4 32. Rxc4 Rgb6 33. Rd4 Be6
34. Rd2 Bb3 35. Bd5 Rb5 36. Rxb5 Rxb5 37. c4 Rc5 38. Rd4 f6 39. Kd2 Rc8 40. Kc3
Rd8 41. Bf3 Rc8 42. Bb7 Rc7 43. Bd5 Re7 44. Bf3 Re3+ 45. Kd2 Re5 46. Bd5 Ba2 47.
Kc3 Bb3 48. Rd2 Kf4 49. Kd4 Kg3 50. Bf3 Re8 51. c5 Rd8+ 52. Kc3 Rxd2 53. Kxd2
Kf4 54. Kc3 Ke5 55. Kb4 Bc2 56. Kb5 Ke6 57. Kb6 Kd7 58. Kb7 1-0

[Event "TCh-HUN 2017-18"]
[Site "Hungary HUN"]
[Date "2017.12.03"]
[Round "3.1"]
[White "Ivanisevic, Ivan"]
[Black "Ruck, Robert"]
[Result "1/2-1/2"]
[WhiteTitle "GM"]
[BlackTitle "GM"]
[WhiteElo "2582"]
[BlackElo "2531"]
[WhiteTeam "Aquaprofit-NTSK I"]
[BlackTeam "HVSE-Infraplan"]
[WhiteFideId "912417"]
[BlackFideId "705713"]
[EventDate "2017.11.25"]
[EventType "team-tourn"]

1. d4 Nf6 2. c4 e6 3. Nc3 Bb4 4. e3 O-O 5. Bd3 c5 6. Ne2 d5 7. cxd5 cxd4 8. exd4
Nxd5 9. a3 Bd6 10. Bc2 Nc6 11. Qd3 g6 12. Bh6 Re8 13. Ne4 Qa5+ 14. Kf1 Be7 15.
Rd1 Nf6 16. Nxf6+ Bxf6 17. h4 Qh5 18. Qe3 Ne7 19. Ng3 Qb5+ 20. Kg1 Nf5 21. Nxf5
exf5 22. Qb3 Qxb3 23. Bxb3 Re2 24. Rh3 Rxb2 25. Bg5 Bxg5 26. hxg5 Bd7 27. Rc1 f4
28. Rf3 Rc8 29. Rxc8+ Bxc8 30. d5 Bg4 31. Rc3 Kf8 32. d6 Ke8 33. Bd5 Kd7 34.
Bxf7 Kxd6 35. Rc4 Rb5 36. Rxf4 Bd7 37. Bg8 Rxg5 38. Bxh7 Ke7 39. Bg8 Bc6 40. f3
Ra5 41. Rf7+ Ke8 42. Rg7 g5 43. Be6 Kf8 44. Rf7+ Ke8 45. Rg7 Rxa3 46. Rxg5 Ke7
47. Bg8 a5 48. f4 a4 49. Kf2 Rc3 50. Ke1 b5 51. Rg6 b4 52. Kd2 Rc5 53. f5 Bd5
54. f6+ Kd6 55. f7+ Ke7 56. f8=Q+ Kxf8 57. Rg5 Bxg8 58. Rxc5 a3 59. Ra5 a2 60.
Kc2 b3+ 61. Kb2 Kg7 62. Rg5+ Kf8 63. g3 Bf7 64. Rb5 Kg7 65. Ra5 1/2-1/2

[Event "TCh-HUN 2017-18"]
[Site "Hungary HUN"]
[Date "2017.12.03"]
[Round "3.2"]
[White "Nemeth, Miklos1"]
[Black "Lenic, Luka"]
[Result "1/2-1/2"]
[WhiteTitle "IM"]
[BlackTitle "GM"]
[WhiteElo "2494"]
[BlackElo "2650"]
[WhiteTeam "HVSE-Infraplan"]
[BlackTeam "Aquaprofit-NTSK I"]
[WhiteFideId "720232"]
[BlackFideId "14603853"]
[EventDate "2017.11.25"]
[EventType "team-tourn"]

1. e4 c5 2. Nf3 Nc6 3. d4 cxd4 4. Nxd4 Nf6 5. Nc3 e5 6. Ndb5 d6 7. Bg5 a6 8. Na3
b5 9. Bxf6 gxf6 10. Nd5 f5 11. g3 fxe4 12. Bg2 Be6 13. Bxe4 Rc8 14. O-O Bg7 15.
Qd3 Ne7 16. Nxe7 Kxe7 17. Bd5 Rc5 18. Bxe6 fxe6 19. c3 Qc7 20. Nc2 a5 21. Ne3 d5
22. Rae1 b4 23. cxb4 axb4 24. Qd2 e4 25. Rc1 Rxc1 26. Rxc1 Qd6 27. Rc2 Kf7 28.
Nc4 Qc7 29. Na5 Qxa5 30. Qf4+ Kg6 31. Qg4+ Kf6 32. Qf4+ Kg6 33. Qg4+ Kf6 1/2-1/2

[Event "TCh-HUN 2017-18"]
[Site "Hungary HUN"]
[Date "2017.12.03"]
[Round "3.3"]
[White "Erdos, Viktor"]
[Black "Kovacs, Gabor2"]
[Result "1/2-1/2"]
[WhiteTitle "GM"]
[BlackTitle "IM"]
[WhiteElo "2622"]
[BlackElo "2463"]
[WhiteTeam "Aquaprofit-NTSK I"]
[BlackTeam "HVSE-Infraplan"]
[WhiteFideId "719978"]
[BlackFideId "716219"]
[EventDate "2017.11.25"]
[EventType "team-tourn"]

1. Nf3 d5 2. g3 e6 3. Bg2 Nf6 4. O-O Be7 5. c4 O-O 6. d4 dxc4 7. Qc2 a6 8. a4
Bd7 9. Rd1 Bc6 10. Bg5 a5 11. Nbd2 Na6 12. Nxc4 Nb4 13. Qb3 Bd5 14. Nfe5 c6 15.
Bxf6 Bxf6 16. Ng4 Bxc4 17. Qxc4 g6 18. h4 Bg7 19. e4 Qe7 20. Rd2 Rfd8 21. Rad1
Rab8 22. e5 Nd5 23. Bxd5 Rxd5 24. Ne3 Rd7 25. f4 h5 26. Kg2 Bf8 27. Kf3 Qb4 28.
Qxb4 Bxb4 29. Rd3 Kg7 30. Ke4 Be7 31. Nc4 Bd8 32. Rc1 Rd5 33. Ne3 Rd7 34. Nc4
Rd5 35. Ne3 Rd7 36. Rb3 Ra8 37. Nc4 Ra7 38. Nd6 Be7 39. Nc8 Ra6 40. Nb6 Rd8 41.
Nc4 Ra7 42. Ne3 Rd7 43. Nc4 Rd8 44. Ne3 Rd7 45. Nc4 1/2-1/2

[Event "TCh-HUN 2017-18"]
[Site "Hungary HUN"]
[Date "2017.12.03"]
[Round "3.4"]
[White "Kiss, Attila"]
[Black "Markus, Robert"]
[Result "0-1"]
[WhiteTitle "IM"]
[BlackTitle "GM"]
[WhiteElo "2359"]
[BlackElo "2630"]
[WhiteTeam "HVSE-Infraplan"]
[BlackTeam "Aquaprofit-NTSK I"]
[WhiteFideId "700630"]
[BlackFideId "921637"]
[EventDate "2017.11.25"]
[EventType "team-tourn"]

1. e4 c5 2. Nf3 e6 3. Nc3 a6 4. g3 b5 5. Bg2 Bb7 6. d4 cxd4 7. Nxd4 Nf6 8. O-O
b4 9. Na4 Bxe4 10. Bxe4 Nxe4 11. Re1 d5 12. Nxe6 fxe6 13. Qh5+ g6 14. Qe5 Qf6
15. Rxe4 Qxe5 16. Rxe5 Kf7 17. c4 bxc3 18. bxc3 Nd7 19. Re2 Bg7 20. Rb1 Rab8 21.
Rxb8 Rxb8 22. Rb2 Rb5 23. Kf1 Ke7 24. Ke2 Kd6 25. Kd1 Kc6 26. Re2 e5 27. c4 dxc4
28. Nc3 Rb4 29. Kc2 Nc5 30. Ba3 Rb7 31. Bxc5 0-1

[Event "TCh-HUN 2017-18"]
[Site "Hungary HUN"]
[Date "2017.12.03"]
[Round "3.5"]
[White "Banusz, Tamas"]
[Black "Pergel, Laszlo"]
[Result "1-0"]
[WhiteTitle "GM"]
[BlackTitle "FM"]
[WhiteElo "2616"]
[BlackElo "2271"]
[WhiteTeam "Aquaprofit-NTSK I"]
[BlackTeam "HVSE-Infraplan"]
[WhiteFideId "722413"]
[BlackFideId "707953"]
[EventDate "2017.11.25"]
[EventType "team-tourn"]

1. Nf3 c5 2. c4 Nf6 3. Nc3 b6 4. g3 Bb7 5. Bg2 e6 6. O-O Be7 7. d4 cxd4 8. Qxd4
O-O 9. Rd1 a6 10. Bf4 Nc6 11. Qd2 Na5 12. b3 Bb4 13. Qd3 b5 14. cxb5 d5 15. a3
Bxc3 16. Qxc3 Ne4 17. Qe3 axb5 18. Rac1 Qe7 19. Qb6 Qxa3 20. Nd4 Rfc8 21. Bxe4
dxe4 22. Rxc8+ Rxc8 23. Nxb5 1-0

[Event "TCh-HUN 2017-18"]
[Site "Hungary HUN"]
[Date "2017.12.03"]
[Round "3.6"]
[White "Farkas, Gabor1"]
[Black "Medvegy, Zoltan"]
[Result "0-1"]
[WhiteTitle "FM"]
[BlackTitle "GM"]
[WhiteElo "2378"]
[BlackElo "2539"]
[WhiteTeam "HVSE-Infraplan"]
[BlackTeam "Aquaprofit-NTSK I"]
[WhiteFideId "14908034"]
[BlackFideId "708402"]
[EventDate "2017.11.25"]
[EventType "team-tourn"]

1. d4 e6 2. Bf4 Nf6 3. e3 c5 4. c3 Be7 5. Nd2 O-O 6. Bd3 b6 7. Ngf3 Ba6 8. Bxa6
Nxa6 9. h3 Qc8 10. O-O Qb7 11. a4 cxd4 12. exd4 d6 13. Re1 Rfd8 14. Qe2 Nc7 15.
Bh2 a6 16. Ng5 h6 17. Nge4 Nxe4 18. Nxe4 Ne8 19. f4 d5 20. Ng3 Bh4 21. f5 Bxg3
22. Bxg3 exf5 23. Qh5 Nf6 24. Qxf5 Ne4 25. Be5 f6 26. Bf4 Rac8 27. Rad1 Qd7 28.
Qxd7 Rxd7 29. Rc1 Rc4 30. Re3 Rxa4 31. c4 Rb4 32. b3 Kf7 33. cxd5 Rxd4 34. Rc6
g5 35. Bc7 b5 36. Bb6 Rd1+ 37. Kh2 f5 38. Rc7 Rxc7 39. Bxc7 Rxd5 40. g4 Rd2+ 41.
Kg1 Nf6 42. Rc3 f4 43. Rc6 Ne4 44. Ba5 Rd3 45. Kg2 Rxb3 46. Rxa6 f3+ 0-1

[Event "TCh-HUN 2017-18"]
[Site "Hungary HUN"]
[Date "2017.12.03"]
[Round "3.7"]
[White "Ribli, Zoltan"]
[Black "Csonka, Attila Istvan"]
[Result "1-0"]
[WhiteTitle "GM"]
[BlackTitle "IM"]
[WhiteElo "2526"]
[BlackElo "2366"]
[WhiteTeam "Aquaprofit-NTSK I"]
[BlackTeam "HVSE-Infraplan"]
[WhiteFideId "700010"]
[BlackFideId "716529"]
[EventDate "2017.11.25"]
[EventType "team-tourn"]

1. Nf3 Nc6 2. c4 e5 3. Nc3 Nf6 4. d3 d5 5. cxd5 Nxd5 6. e3 Be7 7. Be2 O-O 8. O-O
Be6 9. Qc2 f6 10. a3 a5 11. b3 Rf7 12. Bb2 Bf8 13. Ne4 Rd7 14. Rac1 Qe8 15. Nc5
Bxc5 16. Qxc5 Nb6 17. d4 exd4 18. Nxd4 Nxd4 19. Bxd4 Nd5 20. Qc2 c6 21. Rfe1 Qg6
22. Bd3 Qh5 23. Qd2 Qf7 24. Rc5 Rad8 25. Qc2 g6 26. Rxa5 Nxe3 27. fxe3 b6 28.
Bxb6 Rxd3 29. Bxd8 1-0

[Event "TCh-HUN 2017-18"]
[Site "Hungary HUN"]
[Date "2017.12.03"]
[Round "3.8"]
[White "Lakos, Nikoletta"]
[Black "Kantor, Gergely"]
[Result "0-1"]
[WhiteTitle "WGM"]
[BlackTitle "IM"]
[WhiteElo "2277"]
[BlackElo "2514"]
[WhiteTeam "HVSE-Infraplan"]
[BlackTeam "Aquaprofit-NTSK I"]
[WhiteFideId "705128"]
[BlackFideId "751499"]
[EventDate "2017.11.25"]
[EventType "team-tourn"]

1. e4 c5 2. b3 b6 3. g3 Bb7 4. Bg2 Nf6 5. Nc3 g6 6. Bb2 Bg7 7. Nd5 O-O 8. Ne2
Re8 9. O-O e5 10. Nxf6+ Bxf6 11. Nc3 d6 12. d3 Nd7 13. Nd5 Bg7 14. c4 h5 15. h4
Bc6 16. Bh3 Nf8 17. Qd2 Ne6 18. f4 exf4 19. Bxg7 Nxg7 20. Qxf4 Bxd5 21. cxd5 Qe7
22. Rf2 a5 23. Raf1 Ra7 24. a4 Qe5 25. Qxe5 Rxe5 26. Rf6 Ne8 27. R6f2 Kg7 28. g4
hxg4 29. Bxg4 Rae7 30. Kg2 f5 31. exf5 Nf6 32. Bh3 gxf5 33. Bxf5 Nxd5 34. Kh2
Re2 35. Be4 Rxf2+ 36. Rxf2 Nc3 37. Rg2+ Kf6 38. Rg6+ Ke5 39. h5 d5 40. Bg2 Re6
41. Rxe6+ Kxe6 42. h6 Kf6 43. h7 Kg7 44. Kg3 c4 45. dxc4 dxc4 46. bxc4 Nxa4 47.
Bc6 Nb2 48. Bb5 a4 49. Bxa4 Nxa4 50. Kf4 Nb2 51. Ke4 Nxc4 52. Kd5 b5 53. Kc5 Nd6 0-1